Legends of the Hidden Temple Quiz Stats

 Plays Quiz Updated Sep 10, 2019

Score 0/6 Timer 02:00
1 Play Today
Team Name % Correct
Silver Snakes
81.8%
Green Monkeys
76.2%
Blue Barracudas
71.5%
Purple Parrots
69%
Orange Iguanas
50.3%
Red Jaguars
48.4%

You're not logged in!

Compare scores with friends on all Sporcle quizzes.
OR
Log In

Sporcle TV

Today on Sporcle TV


Watch our educational content, quiz creation guides, and fun videos on Sporcle TV.

Show Comments

Extras

Top Quizzes Today


Score Distribution

Your Account Isn't Verified!

In order to create a playlist on Sporcle, you need to verify the email address you used during registration. Go to your Sporcle Settings to finish the process.

Report this User

Report this user for behavior that violates our Community Guidelines.

Details: